01004cam a22002294a 4500008004100000020002500041245012800066260004600194300003400240500002000274504004100294650005000335650005000385650007000435650007000505650007600575650007600651700002000727003000100747005001700748040000900765  a9780199593767 (hbk.)00aMen, women, and money :bperspectives on gender, wealth, and investment 1850-1930 /cedited by David R. Green ... [et al.]. aOxford :bOxford University Press,c2011. axvi, 308 p. :bill. ;c25 cm. aIncludes index. aIncludes bibliographical references. 0aWealthzGreat BritainxHistoryy19th century. 0aWealthzGreat BritainxHistoryy20th century. 0aCapitalists and financierszGreat BritainxHistoryy19th century. 0aCapitalists and financierszGreat BritainxHistoryy20th century. 0aWomen capitalists and financierszGreat BritainxHistoryy19th century. 0aWomen capitalists and financierszGreat BritainxHistoryy20th century.1 aGreen, David R.20230123122112.0 cNUST